000 00747nam a22002297a 4500
999 _c6026
_d6026
003 AR-CdUCM
008 190313b ||||| |||| 00| 0 spa d
040 _aMUNICIPALIDAD PROVINCIAL DEL CUSCO
_cBIBLIOTECA MUNICIPAL DEL CUSCO
082 _a869.56 /
_bS16
100 _aSalazar Bondy, Sebastián
_9906
245 _aAlférez Arce, teniente Arce, capitán Arce :
_bNovela /
260 _aLima :
_bCasa de la Cultura del Perú,
_c1969.
300 _a97 paginas ;
_c17 cm.
500 _aDonación familia Nieto
505 _aContenido :Novela /
650 _aLiteratura peruana
_9169
650 _aNovelas
_9218
650 _aSiglo XX
_98
700 _aTomas G. Escajadillo (edición y prólogo)
_917604
942 _2ddc
_cLIBROS
945 _arjall